| 000 | 00838nam a2200253 a 4500 | ||
|---|---|---|---|
| 001 | BRCA_2700 | ||
| 005 | 20190320203929.0 | ||
| 008 | 021208s1956----u--a######---#000-0#eng-u | ||
| 041 | _aeng | ||
| 044 | _au | ||
| 050 | 4 |
_aNK5162 _b.F76 1 _c1956 |
|
| 100 | 1 |
_aFrothingham, Alice Wilson _97644 |
|
| 245 | 1 | 0 |
_aBarcelona Glass in Venetian Style _cby Alice Wilson Frothingham. |
| 260 |
_aEstados Unidos de América _bThe Hispanic Society of America _c1956 |
||
| 300 |
_avii, 49 p. _bil. (algunas a color), 38 láminas _c22 cm. |
||
| 440 | 0 |
_aHispanic Notes & Monographs Essays, Studies, and Brief Biographies _97619 |
|
| 500 | _aIncluye índice alfabético | ||
| 500 | _aEjemplar igual a M55 | ||
| 500 | _aAA50 | ||
| 504 | _aBibliografía: p. 43-46 | ||
| 650 | 1 | 4 |
_aVidrio ornamental _zBarcelona _97645 |
| 902 | _aGFM | ||
| 942 |
_2lcc _cB |
||
| 999 |
_c2440 _d2440 |
||